| 000 | 00515nam a2200193 a 4500 | ||
|---|---|---|---|
| 005 | 20140310183156.0 | ||
| 008 | 021014s19uu xx 00 eng d | ||
| 020 | _a981405822X | ||
| 050 |
_aHB 172.5 _b.B573 2000 |
||
| 100 | _aBlanchard, Olivier | ||
| 245 |
_aMacroeconomics / _cOlivier Blanchard. |
||
| 250 | _a2nd ed. | ||
| 260 |
_aNew Jersey : _bPrentice-Hall, Inc., _c2000 |
||
| 300 |
_a548 p. : _bill. ; _c24 cm. |
||
| 521 | _aBSA | ||
| 650 | _aMacroeconomics. | ||
| 942 |
_cBK _2lcc _kFOR |
||
| 999 |
_c19776 _d19776 |
||